[Event "42nd Olympiad 2016"]
[Site "Baku AZE"]
[Date "2016.09.10"]
[Round "8.46"]
[Board "1"]
[White "Hernandez Guerrero, Gilberto"]
[Black "Rakotomaharo, Fy Antenaina"]
[Result "1/2-1/2"]
[WhiteTitle "GM"]
[BlackTitle "FM"]
[WhiteElo "2506"]
[BlackElo "2439"]
[WhiteTeam "Mexico"]
[BlackTeam "Madagascar"]
[WhiteFideId "5100011"]
[BlackFideId "13100050"]
[EventDate "2016.09.02"]

1. e4 c5 2. Nf3 d6 3. d4 cxd4 4. Nxd4 Nf6 5. Nc3 a6 6. Bc4 g6 7. f3 Bg7 8. Be3
Nbd7 9. Qd2 h5 10. O-O-O Qc7 11. Bb3 b5 12. Nd5 Nxd5 13. exd5 Ne5 14. Rhe1 O-O
15. Bg5 Re8 16. Kb1 Bd7 17. Bh6 Bh8 18. h3 a5 19. a3 Nc4 20. Qd3 Kh7 21. Bc1 Qc5
22. g4 a4 23. Bxc4 bxc4 24. Qe3 Bg7 25. gxh5 Qxd5 26. Qf4 g5 27. Qxg5 Qxg5 28.
Bxg5 Ra5 29. Rxe7 Rxg5 30. Rxd7 Bxd4 31. Rxd4 Rg1+ 32. Ka2 Ree1 33. b3 axb3+ 34.
Kb2 Rb1+ 35. Kc3 bxc2 36. Kxc2 Rgc1+ 37. Kd2 c3+ 38. Kd3 Rd1+ 39. Kxc3 Rbc1+ 40.
Kb2 Rb1+ 41. Kc3 Rbc1+ 42. Kb2 1/2-1/2

[Event "42nd Olympiad 2016"]
[Site "Baku AZE"]
[Date "2016.09.10"]
[Round "8.46"]
[Board "2"]
[White "Ranaivoharisoa, Alain"]
[Black "Capo Vidal, Uriel"]
[Result "0-1"]
[WhiteTitle "IM"]
[BlackTitle "IM"]
[WhiteElo "2169"]
[BlackElo "2314"]
[WhiteTeam "Madagascar"]
[BlackTeam "Mexico"]
[WhiteFideId "13100025"]
[BlackFideId "5105382"]
[EventDate "2016.09.02"]

1. e4 c5 2. Nf3 Nc6 3. d4 cxd4 4. Nxd4 e5 5. Nb5 d6 6. c4 Be7 7. Be2 f5 8. N1c3
a6 9. Na3 f4 10. g3 Nf6 11. gxf4 exf4 12. Bxf4 O-O 13. Qd2 Ng4 14. Rg1 Nce5 15.
h3 Nxf2 16. Bxe5 dxe5 17. Qxd8 Bxd8 18. Bg4 Bh4 19. Ke2 Nxg4 20. hxg4 Rf2+ 21.
Kd3 Bg5 22. Nd5 Be6 23. Rae1 Raf8 24. Rg3 Bh4 25. Rh3 g5 26. Ne7+ Kf7 27. Nf5
Rd8+ 28. Ke3 Rfd2 0-1

[Event "42nd Olympiad 2016"]
[Site "Baku AZE"]
[Date "2016.09.10"]
[Round "8.46"]
[Board "3"]
[White "Cofre Archibold, Nestor"]
[Black "Ralison, Milanto Harifidy"]
[Result "1/2-1/2"]
[WhiteTitle "FM"]
[BlackTitle "CM"]
[WhiteElo "2255"]
[BlackElo "2058"]
[WhiteTeam "Mexico"]
[BlackTeam "Madagascar"]
[WhiteFideId "5122279"]
[BlackFideId "13100351"]
[EventDate "2016.09.02"]

1. e4 c5 2. Nf3 d6 3. Bb5+ Bd7 4. Bxd7+ Qxd7 5. O-O Nc6 6. c3 Nf6 7. Re1 g6 8.
d4 cxd4 9. cxd4 Bg7 10. Nc3 O-O 11. h3 Rac8 12. Be3 Na5 13. e5 Ne8 14. Bg5 d5
15. Qe2 e6 16. Rad1 Nc7 17. Nh2 f5 18. exf6 Bxf6 19. Bxf6 Rxf6 20. Ng4 Rff8 21.
Rd3 Nc6 22. h4 Qg7 23. Qd2 Kh8 24. f4 b5 25. Rd1 b4 26. Ne2 Nb5 27. Rh3 Nd6 28.
b3 Ne4 29. Qe1 a5 30. Nf2 Nd6 31. Qd2 Na7 32. h5 gxh5 33. Rxh5 Rg8 34. Rg5 Qf7
35. Qe3 Rxg5 36. fxg5 Nc6 37. Ng4 Ne4 38. Nh6 Qg7 39. Rc1 Ne7 40. Rxc8+ Nxc8 41.
Nf4 Nxg5 42. Nxe6 Nxe6 43. Qxe6 Qxd4+ 44. Kh2 Qh4+ 45. Kg1 Qd4+ 46. Kh2 Qh4+ 47.
Kg1 Qd4+ 48. Kf1 Qf4+ 49. Kg1 Qd4+ 50. Kf1 1/2-1/2

[Event "42nd Olympiad 2016"]
[Site "Baku AZE"]
[Date "2016.09.10"]
[Round "8.46"]
[Board "4"]
[White "Rakotomaharo, Tahina Hajanirina"]
[Black "Garcia Guerrero, Isaac Antonio"]
[Result "0-1"]
[BlackTitle "FM"]
[WhiteElo "2060"]
[BlackElo "2308"]
[WhiteTeam "Madagascar"]
[BlackTeam "Mexico"]
[WhiteFideId "13101005"]
[BlackFideId "5110475"]
[EventDate "2016.09.02"]

1. d4 Nf6 2. c4 e6 3. Nc3 d5 4. cxd5 exd5 5. Bg5 Bb4 6. Qa4+ Nc6 7. e3 h6 8.
Bxf6 Qxf6 9. Nf3 O-O 10. Qc2 Rd8 11. Bd3 Bg4 12. Be2 Bf8 13. a3 Ne7 14. Ne5 Bf5
15. Bd3 c6 16. O-O a5 17. b4 axb4 18. axb4 g6 19. Bxf5 Nxf5 20. b5 Rxa1 21. Rxa1
c5 22. Qd2 Bg7 23. f4 cxd4 24. exd4 Qb6 25. Rd1 Bf8 26. Kh1 Bb4 27. Qd3 Qxd4 28.
Qxd4 Nxd4 29. Rxd4 Bxc3 30. Ra4 Bxe5 31. fxe5 d4 32. Kg1 d3 33. Ra1 d2 34. Rd1
Kf8 35. Kf2 Ke7 36. Ke3 Ke6 37. Ke4 Rd5 38. b6 Rxe5+ 39. Kd4 Rd5+ 40. Ke3 Kd6
41. h3 Kc6 42. Ke2 Kxb6 43. Rb1+ Kc5 44. Kd1 b5 45. Ra1 Rg5 46. g4 f5 47. Kxd2
fxg4 48. Rc1+ Kd4 49. h4 Rh5 50. Rc6 Rxh4 51. Rxg6 Rh2+ 52. Ke1 h5 53. Kf1 b4
54. Kg1 Rh3 55. Kg2 b3 56. Rg8 b2 57. Rb8 0-1

[Event "42nd Olympiad 2016"]
[Site "Baku AZE"]
[Date "2016.09.10"]
[Round "8.47"]
[Board "1"]
[White "Machin Rivera, Mark"]
[Black "Amin, Bassem"]
[Result "0-1"]
[WhiteTitle "IM"]
[BlackTitle "GM"]
[WhiteElo "2339"]
[BlackElo "2661"]
[WhiteTeam "Puerto Rico"]
[BlackTeam "Egypt"]
[WhiteFideId "3101126"]
[BlackFideId "10601457"]
[EventDate "2016.09.02"]

1. c4 g6 2. g3 Bg7 3. Bg2 Nf6 4. Nc3 O-O 5. d4 d6 6. e3 e5 7. Nge2 Re8 8. O-O e4
9. h3 h5 10. b4 Bf5 11. Nf4 c6 12. b5 Nbd7 13. bxc6 bxc6 14. Qa4 c5 15. Rd1 Nb6
16. Qb3 cxd4 17. exd4 Qc8 18. Nb5 Nxc4 19. Bf1 Na5 20. Qa3 Nb7 21. Nxd6 Nxd6 22.
Qxd6 Rd8 23. Qa6 Qxa6 24. Bxa6 g5 25. Ne2 Rd6 26. Bc4 Rc8 27. Bb3 Bxh3 28. Bxg5
Bg4 29. Rd2 Nd5 30. Rc1 Rxc1+ 31. Nxc1 Bf3 32. Ne2 Rg6 33. Bh4 Nb4 34. d5 Nd3
35. Kf1 Bg4 36. Rc2 Be5 37. Rc4 Bf5 38. Nc1 Nb2 39. Rb4 a5 40. Rb7 a4 41. Bc2
Rd6 42. Rb5 Nd3 43. Ne2 Bh3+ 44. Kg1 Bg4 45. Kf1 Bf6 46. Bxf6 Rxf6 47. Nf4 Nxf4
48. gxf4 Rxf4 49. Rb4 a3 50. Bxe4 Kg7 51. d6 h4 52. Rd4 Bd7 53. Rb4 Bc6 54. Kg1
Kf6 55. f3 Bxe4 56. fxe4 Ke6 57. Rd4 Kd7 58. Rd3 Rxe4 59. Rxa3 Kxd6 60. Rf3 Ke6
61. a3 f5 62. Kg2 Kf6 63. Rb3 Kg5 64. Kf3 Rf4+ 65. Kg2 Kg4 66. Rc3 Rd4 67. Rc2
f4 68. Ra2 h3+ 69. Kf2 f3 70. Ke3 Ra4 71. Ra1 h2 72. Kf2 Re4 73. Rh1 Re2+ 74.
Kf1 Ra2 0-1

[Event "42nd Olympiad 2016"]
[Site "Baku AZE"]
[Date "2016.09.10"]
[Round "8.47"]
[Board "2"]
[White "Adly, Ahmed"]
[Black "Almedina Ortiz, Edgardo J."]
[Result "1-0"]
[WhiteTitle "GM"]
[BlackTitle "FM"]
[WhiteElo "2603"]
[BlackElo "2215"]
[WhiteTeam "Egypt"]
[BlackTeam "Puerto Rico"]
[WhiteFideId "10601619"]
[BlackFideId "3100197"]
[EventDate "2016.09.02"]

1. d4 Nf6 2. Nf3 e6 3. g3 b6 4. Bg2 Bb7 5. O-O Be7 6. c4 O-O 7. d5 exd5 8. Nh4
c6 9. cxd5 cxd5 10. Nc3 Re8 11. Nf5 Bb4 12. Bg5 Re5 13. Nxd5 Bxd5 14. Bxd5 Nc6
15. e4 h6 16. Bf4 Re6 17. Rc1 Nxe4 18. Qg4 Bf8 19. Bxe4 1-0

[Event "42nd Olympiad 2016"]
[Site "Baku AZE"]
[Date "2016.09.10"]
[Round "8.47"]
[Board "3"]
[White "Torres Santiago, Jonathan"]
[Black "Ameir, Moheb"]
[Result "0-1"]
[BlackTitle "IM"]
[WhiteElo "2126"]
[BlackElo "2431"]
[WhiteTeam "Puerto Rico"]
[BlackTeam "Egypt"]
[WhiteFideId "3100650"]
[BlackFideId "10600620"]
[EventDate "2016.09.02"]

1. e4 c5 2. d4 cxd4 3. c3 dxc3 4. Nxc3 Nc6 5. Nf3 d6 6. Bc4 a6 7. O-O Nf6 8. Be3
e6 9. Qe2 b5 10. e5 dxe5 11. Rfd1 Bd7 12. Nxb5 axb5 13. Bxb5 Nd5 14. Bg5 Be7 15.
Rxd5 exd5 16. Bxc6 Bxc6 17. Nxe5 Ba4 18. Ng4 Bd7 19. Re1 Be6 20. Qe5 O-O 21.
Bxe7 Qxe7 22. Re3 Rxa2 23. h3 Qh4 24. Rg3 Bxg4 25. Rxg4 Qh6 26. f4 Kh8 27. Qe7
Raa8 28. Rg5 d4 29. Qe4 Rad8 0-1

[Event "42nd Olympiad 2016"]
[Site "Baku AZE"]
[Date "2016.09.10"]
[Round "8.47"]
[Board "4"]
[White "Hesham, Abdelrahman"]
[Black "Davila Blanco, Juan Jose"]
[Result "1-0"]
[WhiteTitle "GM"]
[BlackTitle "CM"]
[WhiteElo "2419"]
[BlackElo "1904"]
[WhiteTeam "Egypt"]
[BlackTeam "Puerto Rico"]
[WhiteFideId "10600183"]
[BlackFideId "3102378"]
[EventDate "2016.09.02"]

1. d4 d5 2. c4 c6 3. Nf3 Nf6 4. e3 Bf5 5. Nc3 e6 6. Nh4 Bg6 7. Qb3 Qb6 8. Nxg6
hxg6 9. Bd2 Nbd7 10. Be2 Bb4 11. O-O-O Bxc3 12. Bxc3 Qc7 13. h3 Ne4 14. Be1 b5
15. cxb5 cxb5+ 16. Kb1 a6 17. Rc1 Qb6 18. Qa3 a5 19. Bxa5 Nd2+ 20. Ka1 Nc4 21.
Bxb6 Rxa3 22. bxa3 Ndxb6 23. Rb1 Kd7 24. Rxb5 Kc6 25. Rhb1 Ra8 26. Rc5+ Kd6 27.
Rb3 1-0

[Event "42nd Olympiad 2016"]
[Site "Baku AZE"]
[Date "2016.09.10"]
[Round "8.48"]
[Board "1"]
[White "Kulashko, Alexei"]
[Black "Aloma Vidal, Robert"]
[Result "0-1"]
[WhiteTitle "FM"]
[BlackTitle "IM"]
[WhiteElo "2348"]
[BlackElo "2482"]
[WhiteTeam "New Zealand"]
[BlackTeam "Andorra"]
[WhiteFideId "4300599"]
[BlackFideId "2260409"]
[EventDate "2016.09.02"]

1. e4 c6 2. d4 d5 3. exd5 cxd5 4. c3 Nc6 5. Bf4 Bf5 6. Qb3 Qd7 7. Nf3 e6 8. Nbd2
a6 9. Nh4 Bg6 10. Nxg6 hxg6 11. Nf3 Nf6 12. Bd3 Nh5 13. Bg5 Bd6 14. g3 b5 15. a3
Nf6 16. Qc2 Kf8 17. Nh4 Rc8 18. Bxg6 Nxd4 19. Qd3 Nc6 20. Bxf7 Ne5 21. Ng6+ Kxf7
22. Nxh8+ Rxh8 23. Qe2 d4 24. Bxf6 gxf6 25. f4 d3 26. Qg2 Nc4 27. Qe4 d2+ 28.
Ke2 Nxb2 29. Kxd2 Bxf4+ 30. Kc2 Qd2+ 31. Kb3 Na4 32. Qc2 Qd5+ 33. c4 bxc4+ 34.
Ka2 c3+ 35. Qb3 Rb8 0-1

[Event "42nd Olympiad 2016"]
[Site "Baku AZE"]
[Date "2016.09.10"]
[Round "8.48"]
[Board "2"]
[White "De La Riva Aguado, Oscar"]
[Black "Wastney, Scott"]
[Result "0-1"]
[WhiteTitle "GM"]
[BlackTitle "FM"]
[WhiteElo "2503"]
[BlackElo "2312"]
[WhiteTeam "Andorra"]
[BlackTeam "New Zealand"]
[WhiteFideId "6900224"]
[BlackFideId "4300513"]
[EventDate "2016.09.02"]

1. e4 e5 2. Nf3 Nc6 3. d4 exd4 4. Nxd4 Bc5 5. Nb3 Bb6 6. Nc3 Nf6 7. Qe2 O-O 8.
Be3 d5 9. O-O-O d4 10. Bg5 Bg4 11. f3 Be6 12. e5 Re8 13. exf6 Bxb3 14. Qb5 Bxa2
15. Nxa2 Re5 16. Qb3 Rxg5 17. fxg7 Qf6 18. h4 Re5 19. Bd3 Re3 20. Nb4 Nxb4 21.
Qxb4 Qxg7 22. Kb1 Rae8 23. Be4 c6 24. g4 Qe5 25. g5 Qc5 26. Qa4 Re5 27. Rh2 Qb5
28. Qa2 Kg7 29. Rhd2 Qb4 30. Rd3 Rxd3 31. cxd3 Rb5 32. Rc1 Bc7 33. Rc4 Qe1+ 34.
Rc1 Qd2 35. Rc2 Qe3 36. Qxa7 Qe1+ 37. Rc1 Qb4 38. Qa2 Bf4 39. Rd1 Bd2 40. h5 Bc3
41. h6+ Kf8 42. Kc2 Bxb2 43. Rb1 Rxg5 44. f4 Qc3+ 45. Kd1 Rg1+ 46. Ke2 Qc2+ 47.
Kf3 Qg2# 0-1

[Event "42nd Olympiad 2016"]
[Site "Baku AZE"]
[Date "2016.09.10"]
[Round "8.48"]
[Board "3"]
[White "Hague, Ben"]
[Black "Fernandez Lopez, Joan"]
[Result "1-0"]
[WhiteTitle "FM"]
[WhiteElo "2341"]
[BlackElo "2142"]
[WhiteTeam "New Zealand"]
[BlackTeam "Andorra"]
[WhiteFideId "405647"]
[BlackFideId "6900348"]
[EventDate "2016.09.02"]

1. e4 c5 2. Nf3 Nc6 3. d4 cxd4 4. Nxd4 e5 5. Nb5 a6 6. Nd6+ Bxd6 7. Qxd6 Qf6 8.
Qxf6 Nxf6 9. Nc3 Nb4 10. Bd3 h6 11. f4 d6 12. O-O Nxd3 13. cxd3 Be6 14. h3 Rc8
15. Rf2 b5 16. Be3 Rc6 17. d4 Rc4 18. Rd1 b4 19. fxe5 dxe5 20. dxe5 Nxe4 21.
Nxe4 Rxe4 22. Bc5 Rxe5 23. Bxb4 f6 24. Rd6 Bc8 25. Rc2 Kf7 26. Rc7+ Kg6 27. Bc3
Rb5 28. a4 Rg5 29. Bd2 Rg3 30. Kf2 Rb3 31. Bc3 Re8 32. Rd3 Kh7 33. Bxf6 Rxd3 34.
Rxg7+ Kh8 35. Re7+ Kg8 36. Rxe8+ Kf7 37. Rxc8 Kxf6 38. Rc6+ Kg7 39. Rb6 a5 40.
Rb5 Rd4 41. Rxa5 Rd2+ 42. Kf3 Rxb2 43. Rb5 Ra2 44. a5 Ra4 45. g3 Kf6 46. h4 Kg6
47. Rb6+ Kg7 48. a6 h5 49. Rb7+ Kg6 50. a7 Kf5 51. Ke3 Kf6 52. Kd3 Ke6 53. Rh7
Ra3+ 54. Kc4 Kd6 55. Rh6+ Kc7 56. Rxh5 Kb7 57. Rb5+ Kxa7 58. Rb3 Ra1 59. Kd4 Re1
60. g4 Rh1 61. Ke5 Rxh4 62. g5 Rg4 63. Kf6 Rg1 64. g6 Rf1+ 65. Kg7 Rg1 66. Kf7
Rf1+ 67. Kg8 Rg1 68. g7 Ka6 69. Rh3 1-0

[Event "42nd Olympiad 2016"]
[Site "Baku AZE"]
[Date "2016.09.10"]
[Round "8.48"]
[Board "4"]
[White "Garcia Paolicchi, Raul"]
[Black "Lukey, Stephen G"]
[Result "1-0"]
[WhiteTitle "FM"]
[BlackTitle "FM"]
[WhiteElo "2153"]
[BlackElo "2217"]
[WhiteTeam "Andorra"]
[BlackTeam "New Zealand"]
[WhiteFideId "6900020"]
[BlackFideId "4300386"]
[EventDate "2016.09.02"]

1. d4 Nf6 2. Nf3 g6 3. Nbd2 c5 4. dxc5 Qa5 5. a3 Qxc5 6. b4 Qb6 7. Bb2 Bg7 8. e3
O-O 9. c4 d5 10. cxd5 Nxd5 11. Bxg7 Kxg7 12. Bc4 Nf6 13. Qb3 Nc6 14. h3 Bf5 15.
O-O h6 16. Rfd1 Rad8 17. Be2 Be6 18. Qb2 Kg8 19. Nc4 Bxc4 20. Bxc4 Ne4 21. Qc2
Rxd1+ 22. Rxd1 Nxb4 23. axb4 Ng5 24. Ne5 Re8 25. Qxg6+ Qxg6 26. Nxg6 Kg7 27. Ne5
f6 28. Nf3 Ne4 29. Rd7 Nd6 30. Be6 Kf8 31. Nh4 Kg7 32. Nf5+ Nxf5 33. Bxf5 1-0

[Event "42nd Olympiad 2016"]
[Site "Baku AZE"]
[Date "2016.09.10"]
[Round "8.49"]
[Board "1"]
[White "Asadli, Vugar"]
[Black "Pinal Borges, Nelson"]
[Result "1/2-1/2"]
[WhiteTitle "FM"]
[BlackTitle "IM"]
[WhiteElo "2406"]
[BlackElo "2320"]
[WhiteTeam "Azerbaijan 3"]
[BlackTeam "Dominican Republic"]
[WhiteFideId "13405764"]
[BlackFideId "3500594"]
[EventDate "2016.09.02"]

1. Nf3 c5 2. g3 Nc6 3. Bg2 d5 4. O-O Nf6 5. d3 g6 6. Nbd2 Bg7 7. e4 O-O 8. Re1
dxe4 9. dxe4 e5 10. c3 h6 11. Nc4 Qxd1 12. Rxd1 Nxe4 13. Nfxe5 Nxe5 14. Nxe5
Nxc3 15. bxc3 Bxe5 16. Bxh6 Re8 17. Be3 Bxc3 18. Rac1 Bd4 19. Bxd4 cxd4 20. Rxd4
Be6 21. Bxb7 Rab8 22. Bf3 Bxa2 23. Ra4 Rb2 24. Rxa7 Rd8 25. Ra8 Rxa8 26. Bxa8
Rb1 27. Rxb1 Bxb1 28. Bd5 Kg7 29. Kg2 Bc2 30. Kf3 Bf5 31. Kf4 Bh3 32. Bc4 Bc8
33. Ke5 Bh3 34. f3 Bc8 35. Kd6 f6 36. h4 Bb7 37. Bd5 Ba6 38. Ke7 Be2 39. Be4 Bd1
40. Ke6 Bb3+ 41. Bd5 Bd1 42. g4 Be2 43. h5 gxh5 44. gxh5 Bxf3 45. Bxf3 f5 1/2-1/2

[Event "42nd Olympiad 2016"]
[Site "Baku AZE"]
[Date "2016.09.10"]
[Round "8.49"]
[Board "2"]
[White "Dominguez, Jose Manuel"]
[Black "Gadimbayli, Abdulla"]
[Result "0-1"]
[WhiteTitle "IM"]
[BlackTitle "FM"]
[WhiteElo "2273"]
[BlackElo "2294"]
[WhiteTeam "Dominican Republic"]
[BlackTeam "Azerbaijan 3"]
[WhiteFideId "6400124"]
[BlackFideId "13404938"]
[EventDate "2016.09.02"]

1. d4 d5 2. Nf3 Nf6 3. Bf4 c5 4. e3 Nc6 5. c3 Qb6 6. Qb3 c4 7. Qxb6 axb6 8. h3
e6 9. Be2 b5 10. O-O Bd7 11. Nbd2 b4 12. g4 h6 13. Ne5 b5 14. Bf3 Nxe5 15. dxe5
Ng8 16. e4 Bc6 17. exd5 exd5 18. Rfd1 bxc3 19. bxc3 Ba3 20. Rab1 Bc5 21. Nxc4
bxc4 22. Bxd5 Ne7 23. Bxc4 O-O 24. Bg3 Rfd8 25. e6 fxe6 26. Bxe6+ Kh8 27. Rxd8+
Rxd8 28. Rb8 Rxb8 29. Bxb8 Ng6 30. c4 Nf8 31. Bf5 Nd7 32. Bf4 Nb6 33. Be6 Na4
34. h4 Nc3 35. Bd2 Nxa2 36. h5 Nb4 37. g5 hxg5 38. Bxg5 Nd3 39. Bh4 Nf4 40. Bf7
Kh7 41. Bg3 Nh3+ 42. Kf1 Kh6 43. f4 Bd6 44. Ke2 Nxf4+ 45. Bxf4+ Bxf4 46. Bg6 Kg5
47. Bf7 Bd7 48. Kf3 Bg4+ 49. Ke4 Bh2 50. c5 Bxh5 51. Bd5 Bb8 52. Ke3 Ba7 53. Kf2
Kf4 54. Kg2 Bxc5 55. Bc6 g5 56. Bd5 Bg6 57. Kh2 g4 0-1

[Event "42nd Olympiad 2016"]
[Site "Baku AZE"]
[Date "2016.09.10"]
[Round "8.49"]
[Board "3"]
[White "Muradli, Mahammad"]
[Black "Abreu Jean, Carlos Paul"]
[Result "0-1"]
[WhiteTitle "FM"]
[BlackTitle "FM"]
[WhiteElo "2331"]
[BlackElo "2326"]
[WhiteTeam "Azerbaijan 3"]
[BlackTeam "Dominican Republic"]
[WhiteFideId "13409301"]
[BlackFideId "6405525"]
[EventDate "2016.09.02"]

1. d4 Nf6 2. c4 c5 3. d5 b5 4. cxb5 a6 5. b6 Qxb6 6. Nc3 d6 7. e4 g6 8. Nf3 Bg7
9. Nd2 O-O 10. Be2 Nbd7 11. Nc4 Qa7 12. a4 Ne8 13. O-O Rb8 14. Qc2 Ne5 15. Ne3
g5 16. Nf5 Bxf5 17. exf5 g4 18. Be3 Nf6 19. Rab1 Qa8 20. Rfd1 Kh8 21. b3 Rg8 22.
Bc4 Qb7 23. a5 Qc8 24. Na4 Nfd7 25. Bd2 Bf6 26. Bc3 Qf8 27. Kh1 Qh6 28. Qe2 Qh5
29. Rg1 Rg5 30. g3 Nf3 31. Rg2 Qh3 32. Qxe7 Bxc3 33. Be2 Nde5 34. Qxd6 Re8 35.
Qf6+ Kg8 36. Bxf3 Nxf3 37. Qxg5+ Nxg5 38. Nxc3 Qh6 0-1

[Event "42nd Olympiad 2016"]
[Site "Baku AZE"]
[Date "2016.09.10"]
[Round "8.49"]
[Board "4"]
[White "Guzman, Christopher"]
[Black "Gasimov, Parviz"]
[Result "0-1"]
[WhiteTitle "CM"]
[BlackTitle "FM"]
[WhiteElo "2259"]
[BlackElo "2323"]
[WhiteTeam "Dominican Republic"]
[BlackTeam "Azerbaijan 3"]
[WhiteFideId "6405096"]
[BlackFideId "13408798"]
[EventDate "2016.09.02"]

1. e4 e6 2. Nc3 d5 3. d4 Nf6 4. Bg5 dxe4 5. Nxe4 Be7 6. Bxf6 gxf6 7. Nf3 f5 8.
Nc3 a6 9. Qe2 b5 10. O-O-O b4 11. Na4 Qd5 12. Qe5 Qxe5 13. Nxe5 Bb7 14. Rg1 Nd7
15. Nd3 Rg8 16. g3 Bf3 17. Bg2 Bxg2 18. Rxg2 O-O-O 19. Rgg1 Kb7 20. Rge1 Bf6 21.
c3 bxc3 22. bxc3 a5 23. Kc2 Kc6 24. Rb1 Rb8 25. Ndc5 Nxc5 26. Nxc5 Be7 27. Nd3
Bf6 28. Ne5+ Bxe5 29. Rxe5 Rxb1 30. Rc5+ Kb6 31. Kxb1 f6 32. Kc2 Rg4 33. Kd2 h5
34. a4 c6 35. f3 Rg7 36. Ke3 Rg5 37. Rc4 h4 38. Kf4 hxg3 39. hxg3 Rh5 40. Rc5
e5+ 41. Ke3 f4+ 42. Kf2 Rh2+ 43. Kg1 fxg3 44. Rc4 Rf2 45. dxe5 fxe5 46. Re4 Rxf3
47. c4 Rf4 48. Rxe5 Rxc4 49. Kg2 Rxa4 50. Kxg3 Rd4 51. Kf3 a4 52. Ke3 Rd5 53.
Re8 a3 54. Ra8 Ra5 55. Rb8+ Kc5 56. Rb1 a2 57. Ra1 Kc4 58. Kd2 Kb3 59. Kc1 Rd5 0-1

[Event "42nd Olympiad 2016"]
[Site "Baku AZE"]
[Date "2016.09.10"]
[Round "8.50"]
[Board "1"]
[White "Song, Raymond"]
[Black "Wynn, Zaw Htun"]
[Result "1-0"]
[BlackTitle "IM"]
[WhiteElo "2170"]
[BlackElo "2407"]
[WhiteTeam "Chinese Taipei"]
[BlackTeam "Myanmar"]
[WhiteFideId "3203824"]
[BlackFideId "13002783"]
[EventDate "2016.09.02"]

1. e4 c5 2. Ne2 d6 3. g3 Nf6 4. Bg2 a6 5. c3 e5 6. d4 Qc7 7. O-O Be7 8. Na3 b5
9. d5 c4 10. Nc2 Nbd7 11. a4 bxa4 12. Rxa4 Nc5 13. Rxc4 a5 14. b4 Ba6 15. bxc5
Bxc4 16. c6 Ba6 17. Na3 O-O 18. c4 Bd8 19. Nc3 Qb8 20. Nab5 Ne8 21. Ba3 Be7 22.
Qd3 Qd8 23. Ra1 g6 24. Bh3 Bc8 25. Bf1 f5 26. Rd1 fxe4 27. Nxe4 Bf5 28. c5 Nf6
29. Nxf6+ Rxf6 30. Qc4 dxc5 31. d6+ Be6 32. Qxc5 Bf8 33. Qxe5 Bg7 34. Bb2 Bb3
35. Rd3 Qb6 36. Rf3 Rf7 37. Qe3 Qxc6 38. Rxf7 Bxf7 39. Bxg7 Kxg7 40. Bg2 Qxb5
41. Bxa8 Qd7 42. Qc5 Be8 43. Qe5+ Kh6 44. Qf6 Bf7 45. h4 a4 46. Qf4+ Kg7 47.
Qd4+ Kg8 48. Bc6 Qd8 49. Bxa4 Be6 50. d7 Kf7 51. Qf4+ Bf5 52. Qh6 Ke6 53. Qxh7
Qf8 54. Bb3+ Kd6 55. h5 Kc7 56. hxg6 Qb4 57. d8=Q+ Kxd8 58. Qg8+ Kc7 59. Qf7+ 1-0

[Event "42nd Olympiad 2016"]
[Site "Baku AZE"]
[Date "2016.09.10"]
[Round "8.50"]
[Board "2"]
[White "Myint, Han"]
[Black "Yang, ching Wei, Austin"]
[Result "0-1"]
[BlackTitle "FM"]
[WhiteElo "2289"]
[BlackElo "1997"]
[WhiteTeam "Myanmar"]
[BlackTeam "Chinese Taipei"]
[WhiteFideId "13000322"]
[BlackFideId "16300440"]
[EventDate "2016.09.02"]

1. e4 c5 2. a3 e6 3. b4 cxb4 4. axb4 Bxb4 5. Bb2 Nf6 6. e5 Nd5 7. Qg4 O-O 8. Nf3
Nc6 9. Bd3 f5 10. exf6 Nxf6 11. Qh4 g6 12. Ng5 e5 13. Ra4 Qe7 14. O-O Bc5 15.
Rc4 d6 16. Rxc5 dxc5 17. f4 Nh5 18. Bc4+ Kh8 19. Nc3 Nd4 20. Nd5 Qd7 21. Qe1 Qg7
22. fxe5 Rxf1+ 23. Qxf1 Be6 24. Bxd4 Bxd5 25. Bc3 Rf8 26. Nf3 Bxc4 27. Qxc4 Qe7
28. e6+ Kg8 29. d4 Nf4 30. d5 Qd6 31. e7 Qxe7 32. Be5 Qf7 33. Bxf4 Qxf4 34. Qxc5
b6 35. Qc3 Qd6 36. Qd3 Qc5+ 37. Kh1 Rd8 38. c4 b5 39. Qe4 Qd6 40. cxb5 Qxd5 41.
Qe3 Qd1+ 42. Ng1 Qd7 43. Nf3 Re8 44. Qb3+ Qf7 45. Qb4 Qd5 46. h3 Rb8 47. Nd4 Rb6
48. Qc3 Rd6 49. Nf3 Qxb5 50. Qc8+ Kg7 51. Qc3+ Rf6 52. Qc7+ Rf7 53. Qc3+ Kg8 54.
Qc8+ Rf8 55. Qe6+ Kg7 56. Qe3 a5 57. Qc3+ Kg8 58. h4 a4 59. Kh2 Qb3 60. Qc6 a3
61. h5 Qb8+ 62. g3 Qe8 0-1

[Event "42nd Olympiad 2016"]
[Site "Baku AZE"]
[Date "2016.09.10"]
[Round "8.50"]
[Board "3"]
[White "Liu, Yeh Yang"]
[Black "Sie, Thu"]
[Result "1-0"]
[WhiteElo "2009"]
[BlackElo "2148"]
[WhiteTeam "Chinese Taipei"]
[BlackTeam "Myanmar"]
[WhiteFideId "16300416"]
[BlackFideId "13002767"]
[EventDate "2016.09.02"]

1. e4 c5 2. Nf3 g6 3. c3 Bg7 4. d4 cxd4 5. cxd4 d5 6. e5 Nc6 7. Nc3 f6 8. Bb5
Nh6 9. O-O O-O 10. exf6 exf6 11. Qb3 Be6 12. Re1 Bf7 13. Na4 Nf5 14. Bxc6 bxc6
15. Nc5 Qd6 16. Qa4 g5 17. Nd3 Bh5 18. Nd2 Rfe8 19. Nb3 Nh4 20. Be3 Bf3 21. gxf3
Nxf3+ 22. Kg2 Nh4+ 23. Kf1 f5 24. Ne5 f4 25. Bd2 Qe6 26. Ke2 Bxe5 27. dxe5 Qg4+
28. Kd3 Qf5+ 29. Kc3 c5 30. Nxc5 Nf3 31. Qd7 d4+ 32. Kb4 Rab8+ 33. Ka3 Qc2 34.
Qd5+ Kh8 35. b3 Nxd2 36. Rac1 Qf5 37. Red1 Rbd8 38. Qc6 Rc8 39. Qf6+ Qxf6 40.
exf6 Nf3 41. f7 Red8 42. Ne6 Rb8 43. Rc7 d3 44. Nxd8 Rxd8 45. Rxd3 1-0